000 00539nam a2200181Ia 4500
001 16932
005 20260306170347.0
008 260306t2019||||xx |||||||||||||| ||und||
041 _aESP
082 _a657.3
_bN86
100 _aNovoa Villa, Hector Humberto
_eAUT
245 0 _aElaboración analítica de estados financieros:
_bconcordada con las NIIF y manual para la preparación de información financiera-SMV
260 _c2019
300 _a389 páginas :
_c25 cm.
650 _aGEN
654 _aCCO
942 _cLIB
_dJUS
_fJUS
_2ddc
_n
999 _c16932
_d16932